Statistics for Taylor Swift 1989 Songs

Click here to take the quiz!

General Stats

  • This quiz has been taken 1,432 times
  • The average score is 10 of 13

Answer Stats

Hint Answer % Correct
2Blank Space
94%
6Shake It Off
89%
1Welcome to New York
87%
3Style
85%
4Out of the Woods
81%
8Bad Blood
81%
9Wildest Dreams
76%
13Clean
76%
10How You Get The Girl
64%
5All You Had To Do Was Stay
63%
12I Know Places
63%
11This Love
60%
7I Wish You Would
57%

Score Distribution

Percentile by Number Answered

Percent of People with Each Score

Your Score History

You have not taken this quiz